Coração conta diferente (Record no. 174175)

MARC details
000 -LÍDER
campo de controle de tamanho fixo 00381 a2200169 4500
001 - NÚMERO DE CONTROLE
campo de controle 174175
020 ## - ISBN - INTERNATIONAL STANDARD BOOK NUMBER
ISBN - International Standard Book Number 85-262-1720-8
040 ## - FONTE DA CATALOGAÇÃO
Instituição que transcreveu o registro Magnum
100 ## - ENTRADA PRINCIPAL--NOME PESSOAL
Nome pessoal Albergaria, Lino de
240 10 - TÍTULO UNIFORME
Título uniforme Coração conta diferente
Idioma da obra por
245 10 - TÍTULO
Título Coração conta diferente
300 ## - DESCRIÇÃO FÍSICA
Extensão 24
362 0# - DATAS DE PUBLICAÇÃO E/OU DESIGNAÇÃO SEQUENCIAL
Datas de publicação e/ou designação sequencial 2002
440 #1 - DECLARAÇÃO DE SÉRIE/ENTRADA ADICIONADA--TÍTULO
Título Scipione
697 ## - ENTRADA DE ASSUNTO LOCAL--ENTIDADE COLETIVA (RLIN)
Nome corporativo ou nome da jurisdição LITERATURA INFANTO-JUVENIL
942 ## - ELEMENTOS DE ENTRADA ADICIONADOS (KOHA)
Tipo de material Koha Livros
Holdings
Situação do descarte Situação das perdas Situação física Não pode ser emprestado Biblioteca de origem Biblioteca atual Data de aquisição Total de empréstimos Número de chamada completo Código de barras Data de último acesso Data do preço efetivo Tipo de material Koha
        Magnum Magnum 08/06/2024   869.2.738 MAG00021852 08/06/2024 08/06/2024 Livros
        Magnum Magnum 08/06/2024   869.2.738 MAG00021853 08/06/2024 08/06/2024 Livros
        Magnum Magnum 08/06/2024   869.2.738 MAG00021854 08/06/2024 08/06/2024 Livros
        Magnum Magnum 08/06/2024   869.2.738 MAG00021855 08/06/2024 08/06/2024 Livros
        Magnum Magnum 08/06/2024   869.2.738 MAG00021856 08/06/2024 08/06/2024 Livros
        Magnum Magnum 08/06/2024   869.2.738 MAG00021857 08/06/2024 08/06/2024 Livros
        Magnum Magnum 08/06/2024   869.2.738 MAG00021858 08/06/2024 08/06/2024 Livros
        Magnum Magnum 08/06/2024   869.2.738 MAG00021859 08/06/2024 08/06/2024 Livros
        Magnum Magnum 08/06/2024   869.2.738 MAG00021860 08/06/2024 08/06/2024 Livros
        Magnum Magnum 08/06/2024   869.2.738 MAG00021861 08/06/2024 08/06/2024 Livros
        Magnum Magnum 08/06/2024   869.2.738 MAG00021862 08/06/2024 08/06/2024 Livros
        Magnum Magnum 08/06/2024   869.2.738 MAG00021863 08/06/2024 08/06/2024 Livros